Objektovo-orientovaná tvorba systémov a jazyk C++ Analýza, návrh, implementácia

Saved in:
Bibliographic Details
Main Author: Šešera, Ľubor
Other Authors: Mičovský, Aleš
Format: Book
Language:Slovak
Published: Bratislava Alfa 1993
Edition:1. vyd.
Series:Edícia výpočtovej techniky
Subjects:
Tags: Add Tag
No Tags, Be the first to tag this record!

MARC

LEADER 00000nam a2200000 4500
001 c003834
005 20221128073502.2
020 |a 80-05-01100-8 
041 0 |a slo 
044 |a SK 
245 1 0 |a Objektovo-orientovaná tvorba systémov a jazyk C++  |b Analýza, návrh, implementácia  |c Ľubor Šešera, Aleš Mičovský 
250 |a 1. vyd. 
264 1 |a Bratislava  |b Alfa  |c 1993 
300 |a 262 s. 
490 1 |a Edícia výpočtovej techniky 
830 0 |a Edícia výpočtovej techniky 
610 2 0 |a softvér 
610 2 0 |a jazyky programovacie 
610 2 0 |a programovanie objektové 
610 2 0 |a C++ 
100 1 |a Šešera, Ľubor 
700 1 |a Mičovský, Aleš